MARC details
| 000 -LEADER |
| campo de control de longitud fija |
02844nam a2200445 i 4500 |
| 001 - NÚMERO DE CONTROL |
| campo de control |
193235 |
| 003 - IDENTIFICADOR DE NÚMERO DE CONTROL |
| campo de control |
SpMaBN |
| 005 - FECHA Y HORA DE LA ÚLTIMA TRANSACCIÓN |
| campo de control |
20250709234541.0 |
| 007 - CAMPO FIJO DE DESCRIPCIÓN FÍSICA--INFORMACIÓN GENERAL |
| campo de control de longitud fija |
ta |
| 008 - DATOS DE LONGITUD FIJA--INFORMACIÓN GENERAL |
| campo de control de longitud fija |
221020s2022 sp a | |||| 000 0dspa |
| 017 ## - NÚMERO DE COPYRIGHT O DE DEPÓSITO LEGAL |
| Número de copyright o de depósito legal |
CO 1374-2022 |
| Agencia que asigna |
Oficina Depósito Legal Córdoba |
| 020 ## - NÚMERO INTERNACIONAL ESTÁNDAR DEL LIBRO |
| Número Internacional Estándar del Libro |
9788411312615 |
| 035 ## - NÚMERO DE CONTROL DEL SISTEMA |
| Número de control de sistema |
a7178233 |
| 040 ## - FUENTE DE CATALOGACIÓN |
| Centro catalogador/agencia de origen |
SpMaBN |
| Lengua de catalogación |
spa |
| Centro/agencia transcriptor |
SpMaBN |
| Normas de descripción |
rda |
| 080 ## - NÚMERO DE LA CLASIFICACIÓN DECIMAL UNIVERSAL |
| Número de la Clasificación Decimal Universal |
929 Aníbal |
| 080 ## - NÚMERO DE LA CLASIFICACIÓN DECIMAL UNIVERSAL |
| Número de la Clasificación Decimal Universal |
904(460) |
| 080 ## - NÚMERO DE LA CLASIFICACIÓN DECIMAL UNIVERSAL |
| Número de la Clasificación Decimal Universal |
94(460)".../-0218" |
| 100 1# - ENTRADA PRINCIPAL--NOMBRE DE PERSONA |
| Nombre de persona |
Gonzalo Aizpiri, Arturo, |
| Fechas asociadas al nombre |
1963- |
| Término indicativo de función/relación |
Autor |
| 9 (RLIN) |
234343 |
| 245 10 - MENCIÓN DEL TÍTULO |
| Título |
Tras las huellas de Aníbal / |
| Mención de responsabilidad, etc. |
Arturo Gonzalo Aizpiri |
| 250 ## - MENCION DE EDICION |
| Mención de edición |
Primera edición: septiembre de 2022 |
| 264 #1 - PRODUCCIÓN, PUBLICACIÓN, DISTRIBUCIÓN, FABRICACIÓN Y COPYRIGHT |
| Producción, publicación, distribución, fabricación y copyright |
Córdoba : |
| Nombre del de productor, editor, distribuidor, fabricante |
Almuzara, |
| Fecha de producción, publicación, distribución, fabricación o copyright |
2022 |
| 300 ## - DESCRIPCIÓN FÍSICA |
| Extensión |
222 páginas : |
| Otras características físicas |
ilustraciones (blanco y negro) ; |
| Dimensiones |
22 cm |
| 336 ## - TIPO DE CONTENIDO |
| Término de tipo de contenido |
Texto |
| -- |
Imagen fija |
| Fuente |
rdacontent |
| 337 ## - TIPO DE MEDIO |
| Nombre/término del tipo de medio |
sin mediación |
| Fuente |
rdamedia |
| 338 ## - TIPO DE SOPORTE |
| Nombre/término del tipo de soporte |
volumen |
| Fuente |
rdacarrier |
| 500 ## - NOTA GENERAL |
| Nota general |
Índice |
| 500 ## - NOTA GENERAL |
| Nota general |
Glosario |
| 504 ## - NOTA DE BIBLIOGRAFÍA, ETC. |
| Nota de bibliografía, etc. |
Referencias bibliográficas |
| 530 ## - NOTA DISPONIBLE DE FORMULARIO FÍSICO ADICIONAL |
| Materiales especificados |
Su nombre parece condenado. Su rostro apenas se adivina en las vitrinas de un museo. Una nebulosa de olvido envuelve hoy la figura de Aníbal Barca en la otrora Hispania, como parte casi accidental de su postergada historia antigua. ¿Por qué tal destino para el hombre que osó desafiar a Roma desde nuestra tierra?<br/>Desde que pusiera pie en Gadir acompañando a su padre, en 237 a. e. c., hasta su partida, al frente de su ejército, en 218 a. e. c., transcurrieron casi dos décadas. Sin embargo, la atención dedicada a este periodo en la vida de Aníbal es insólitamente escasa. De todo este tiempo han debido quedar huellas, unas muchas enterradas y otras resistiendo inclemencias y desprecios. Sí: en Cádiz, en Cartagena, en el Tajo o en Sagunto, entre otros lugares, resuenan aún los ecos de sus sueños y batallas, al menos en el oído de quienes quieren oírlos, impelidos a recorrer los pasos de aquellos que los precedieron y acaso como respuesta a un profundo anhelo de permanencia.<br/>Es esta la historia ilustrada de un emocionante viaje cuyas conclusiones reivindican su dimensión hispánica y desagravian a uno de los personajes más fascinantes de la Antigüedad. |
| 600 04 - PUNTO DE ACCESO ADICIONAL DE MATERIA--NOMBRE DE PERSONA |
| Nombre de persona |
Aníbal, |
| Fechas asociadas al nombre |
247-182 a.C. |
| 9 (RLIN) |
165256 |
| 651 #4 - PUNTO DE ACCESO ADICIONAL DE MATERIA--NOMBRE GEOGRÁFICO |
| Nombre geográfico |
España- |
| Subdivisión general |
Restos arqueológicos |
| 9 (RLIN) |
8485 |
| 651 #7 - PUNTO DE ACCESO ADICIONAL DE MATERIA--NOMBRE GEOGRÁFICO |
| Nombre geográfico |
España- |
| Subdivisión general |
Historia- |
| Subdivisión cronológica |
Hasta 218 a.C., Época prerromana |
| 9 (RLIN) |
162090 |
| 852 ## - LOCALIZACIÓN |
| Ubicación |
ES-MaACL |
| Sublocalización o colección |
R. 154634 |
| Ubicación en estantería |
Depósito J |
| itemnumber |
200658 |
| Encuadernación |
Encuadernación rústica con solapas |
| Donativo/Legado |
Donación: Gonzalo Aizpiri |
| Número de control de estantería |
N-9403 |
| 903 ## - NOMBRE PERSONAL DE DONANTE |
| a |
Gonzalo Aizpiri, Arturo, |
| d |
1963- |
| e |
Donante |
| 9 |
234343 |
| 942 ## - ELEMENTOS DE ENTRADA SECUNDARIOS (KOHA) |
| Suprimir en OPAC |
No |
| Tipo de ítem Koha |
Libro impreso |